000 01044ci a2200277 4500
001 B3034
008 970304 1987
035 _a(Sirsi) u53658
041 0 _aeng
050 0 4 _a333.332 $2 18
100 1 _aBaker, Keith
245 0 0 _aBefore and after the fire
_h[sound recording]
260 _aLondon
_bRICS
_c1987
300 _a1
_fsound cassette (ca. 60 min.)
350 _a10
490 0 _aOwlion Audio Programme
520 _aExamines the wide ranging and sometimes complex matters of valuation and insurance of property in respect of such hazards as fires, storm, accident and subsidence.
651 4 _aUnited Kingdom
_y
690 _aPROPERTY-PROPERTY APPRAISAL AND VALUATION-INSURANCE VALUATION
700 1 _aKirk, John
710 2 _aCollege of Estate Management
_9400
710 2 _aRoyal Institution of Chartered Surveyors
_94900
856 4 _uhttps://194.154.180.3/uhtbin/cgisirsi.exe/0/0/0/1/117/X/
_zAudio Visual materials can only be used in the library.
942 _n0
948 _c04/03/1997
999 _c85266
_d85266